| 000 | 01033cam a2200229 4500 | ||
|---|---|---|---|
| 001 | WB3648-28 | ||
| 008 | 000000n2000 000 0 eng u | ||
| 035 | _a(Sirsi) u109752 | ||
| 245 | _aSystem not delaying farm diversification | ||
| 260 | _c2000 | ||
| 490 |
_aPlanning (for the Natural and Built Environment) _v(1397) 1 December 2000, 3(1) |
||
| 520 | _aDiscusses a study by the University of the West of England, commissioned by the Planning Officers' Society, which concludes that planning is not holding back farm diversification. Findings indicated that the vast majority of applications submitted by farmers are approved, and two-thirds of applicants are happy with the planning system. | ||
| 590 | _aWB | ||
| 650 | _aUNIVERSITY OF THE WEST OF ENGLAND | ||
| 650 | _aPLANNING OFFICERS' SOCIETY | ||
| 650 | _aFARM DIVERSIFICATION | ||
| 650 | _aBUSINESS CONSTRAINTS | ||
| 650 | _aRURAL PLANNING | ||
| 650 | _aPLANNING SYSTEM | ||
| 690 | _aENVIRONMENTAL AND LAND CONSULTANCY-PLANNING AND DEVELOPMENT | ||
| 942 | _n0 | ||
| 999 |
_c65506 _d65506 |
||